MDQL
is popping MORE tags! Check the
thread
!
Quizzes
Events
Quiz Creation
Community
Videos
Private Events
Remove Ads
Sign In
Join for FREE
Feedback
Dark Mode
Quiz Categories
Sports
Geography
Music
Movies
Television
Just For Fun
Miscellaneous
History
Literature
Language
Science
Gaming
Entertainment
Religion
Holiday
For Kids
Quiz Lab
Recent
Popular Today
Quiz Kudos Today
Editor Picks
Curator Picks
Quizzes by...
Day
Popularity
Type
Ratings
Length
Year
Community
Subscriptions
Recent Discussions
Orange Saloon
Badges
Playlists
Quests
Create
Leaderboards
Showdown
Live 5
Trivia Bingo
Activity
Puzzle Library
Sporcle Events
Private Events
Virtual Trivia
Globe League
Become a Host
Pub Owners
SporcleCon
Opinionation
Our Games
Videos
Blog
Mobile Apps
Partnerships
Remove Ads and Go Orange
Feedback
Sports
Athletes
MLB
NBA
NHL
NFL
Soccer
Sports Teams
WWE
NCAA
Football
Premier League
Basketball
Baseball
Hockey
Golf
Tennis
Cricket
Rugby
Auto Racing
Olympics
World Cup
Sports
Athletes
MLB
NBA
NHL
NFL
Soccer
Sports Teams
WWE
NCAA
Football
Premier League
Basketball
Baseball
Hockey
Golf
Tennis
Cricket
Rugby
Auto Racing
Olympics
World Cup
Random Quiz
Search Sporcle
×
Quiz Lab
Quiz Lab
Sports
Country
Type in answers that appear in a list
Type in answers that appear in a list
Classic
Best Score? Go Orange.
Astana 2017 Stats
Can you name the Astana 2017?
By
marthis
10m
29 Questions
17 Plays
17 Plays
17 Plays
Comments
Comments
Give Quiz Kudos
Give Quiz Kudos
-
- Ratings
hide this ad
Replay
Link that replays current quiz
Next Quiz
Link to next quiz in quiz playlist
You Got
0%
They Got
Avg Score
41%
Avg Friend Score
Upgrade to see
Score Distribution
Jump to the score distribution portion of the page
Score
0/29
Timer
10:00
0
Plays Today
Country
Name
% Correct
Italy †
Michele Scarponi
88.2%
Italy
Fabio Aru
82.4%
Kazakhstan
Alexey Lutsenko
76.5%
Denmark
Jakob Fuglsang
76.5%
Estonia
Tanel Kangert
76.5%
Ukraine
Andrei Grivko
70.6%
Kazakhstan
Andrey Zeits
58.8%
Italy
Dario Cataldo
58.8%
Spain
Luis Leon Sanchez
58.8%
Denmark
Michael Valgren
52.9%
Belgium
Laurens de Vreese
52.9%
Italy
Paolo Tiralongo
47.1%
Denmark
Jesper Hansen
41.2%
Spain
Pello Bilbao
41.2%
Italy
Oscar Gatto
35.3%
Country
Name
% Correct
Denmark
Matti Breschel
35.3%
Kazakhstan
Dimitriy Gruzdev
29.4%
Italy
Moreno Moser
29.4%
Kazakhstan
Zhandos Bizhigitov
23.5%
Kazakhstan
Nikita Stalnov
23.5%
Kazakhstan
Ruslan Tleubayev
23.5%
Norway
Truls Korsaeth
23.5%
Kazakhstan
Daniil Fominykh
17.6%
Kazakhstan
Bakhtiyar Kozhatayev
17.6%
Colombia
Miguel Ángel López
17.6%
Kazakhstan
Artyom Zakharov
11.8%
Russia
Sergei Chernetckii
11.8%
Kazakhstan
Arman Kamyshev
5.9%
Italy
Riccardo Minali
5.9%
Quiz Playlist
Details
Report
Send in Message
Add To Playlist
Classic:
Type in answers that appear in a list
Last Updated: Jul 24, 2017
Quiz Scoreboard
CHALLENGE
Sign Up to Join the Scoreboard
Show All
Scores
Hide
Comments
May contain spoilers
Recently Published
Image Sorting: Flags VI
by Barbecue
Geography
2m
Find the 'City' Movie
by crazypaving
Movies
60s
Colored Red Africa Blitz
by spor1
Geography
45s
More to Explore
Quiz From the Vault
Featured Blog Post
14 Easter Pick-up Lines to Find Eggs With
hide this ad
You Might Also Like...
Tags
Country Quiz
2017
Today's Top Quizzes in Sports
Browse Sports
hide this ad
Today's Top Quizzes in Country
Browse Country
Top Contributed Quizzes in Sports
1
Les meilleurs buteurs des matchs entre le PSG et l’OM
2
Les entraîneurs de l'OM et du PSG au 21e siècle
3
Les joueurs passés par le PSG et l'OM
4
2022 World Cup Stars
5
Players with Multiple 50 Home Run Seasons
6
Criteria MLB: Left Handed Sluggers
7
MLB Players with Two .350 Batting Average Seasons
8
Les joueurs passés par le LOSC et le RC Lens
9
NBA Logic Puzzle 2.0
10
Top 10 NHL Goal Scorers of All Time
Explore More
Trending Topics
Disney
Crossword
Marvel
Kpop
Anime
Harry Potter
NBA
WWE
Song
NFL
Country
Soccer
The Office
Pokémon
Puzzle
hide this ad
More By:
marthis
Quiz
Plays
Rating
Category
Featured
Created
Lotto NL Jumbo 2017
105
Sports
Jun 13, 2017
Team Sky 2017
69
5.00
Sports
Jun 13, 2017
Movistar 2017
22
Sports
Jul 24, 2017
Astana 2017
17
Sports
Jul 24, 2017
Go to Creator's Profile
Score Distribution
Quiz Creator Spotlight
marthis
Follow
Send a Message
Quizzes Created
-
Created Quiz Play Count
-
More By This Creator
Popular Quizzes Today
1
Colored Red Africa Blitz
2
Find the US States - No Outlines Minefield
3
Find the 'City' Movie
4
5x2 Blitz: Bands
5
The Countries of the World
6
Find the US States
7
Find the Countries of Europe - No Outlines Minefield
8
US States
More Sports Quizzes
Current NHL Goaltenders (Updated 11/3/2021)
Quiz Lab
Trending Quizzes
Colored Red Europe Blitz I
Colored Red Europe Blitz II
Colored Red Africa Blitz II
Colored Red Europe Blitz III
Colored Red Africa Blitz III
Recently Updated
How Do You Spell That?
pecheneg
Godzilla Movies
pecheneg
Grab Bag: 4-10 Letters
pecheneg
2024 March Madness Bracket
pecheneg
Famous TV Couples
Peacemaker
Champions League XIs: Real Madrid
pecheneg
Largest US Cities 1790-2010
pecheneg
Rides in Walt Disney World
pecheneg
Most Oscar Losses (Acting)
pecheneg
Beyoncé Albums
pecheneg
Trending Topics
Disney
Harry Potter
Crossword
NBA
Marvel
Anime
Kpop
Pokémon
Soccer
NFL
WWE
The Office
Song
Puzzle
Country
Your Account Isn't Verified!
In order to create a playlist on Sporcle, you need to verify the email address you used during registration. Go to your
Sporcle Settings
to finish the process.
Report this User
Report this user for behavior that violates our
Community Guidelines
.
Details:
Send Report
Go to the Sporcle.com Mobile Site →
Comments